000 00447nam a2200181Ia 4500
001 1593
005 20260306143739.0
008 260306t2004||||xx |||||||||||||| ||spa||
041 _aESP
082 _a153
_bM45
100 _aMetzinger, Thomas
_eAUT
245 0 _aBeing no one:
_bthe self-model theory of subjectivity
260 _c2004
300 _axii, 699 páginas :
_c23 cm.
650 _aGEN
654 _aCPS
942 _cLIB
_dJUS
_fJUS
_2ddc
_n
999 _c1593
_d1593